| 000 | 00671cam a2200253 4500 | ||
|---|---|---|---|
| 001 | J84371 | ||
| 008 | 090401t1997 xxu||||| |||| 00| 0 eng d | ||
| 035 | _a(Sirsi) u78763 | ||
| 041 | _aeng | ||
| 050 | _a333.33709421 | ||
| 110 |
_aHillier Parker Research _92002 |
||
| 245 | _aFashion designers in Central London. | ||
| 260 |
_aLondon _bHillier Parker _c1997 |
||
| 300 | _a11p. ; 30cm. | ||
| 350 | _a25 | ||
| 490 | _aHillier Parker Retail Research | ||
| 520 | _aNOT TO LOANED OR PHOTOCOPIED. | ||
| 650 | _aFASHION DESIGNERS | ||
| 650 | _aFASHION OUTLETS | ||
| 650 | _aLONDON | ||
| 690 | _aPROPERTY-COMMERCIAL PROPERTY | ||
| 942 | _n0 | ||
| 948 | _c05/06/1997 | ||
| 999 |
_c96478 _d96478 |
||